[Event "Rheinland Pfalz Seniors op"]
[Site "Altenkirchen"]
[Date "2023.09.08"]
[Round "4"]
[White "Tuertmann, Dieter"]
[Black "Klein, Gernot"]
[Result "1/2-1/2"]
[WhiteElo "1936"]
[BlackElo "1781"]
[PlyCount "74"]
[EventDate "2023.09.05"]
[EventType "swiss"]
[EventRounds "9"]
[EventCountry "GER"]
[SourceTitle "EXT 2024"]
[Source "ChessBase"]
[SourceDate "2023.10.10"]
[SourceVersion "1"]
[SourceVersionDate "2023.10.10"]
[SourceQuality "1"]

1. e4 c5 2. Nc3 e6 3. Nf3 Nc6 4. g3 Nf6 5. Bg2 Be7 6. 0-0 0-0 7. d3 d6 8. a3 Rb8 9. Ne2 b5 10. c3 a5 11. Ne1 Bb7 12. h3 b4 13. c4 bxa3 14. bxa3 Nd4 15. Nc3 Bc6 16. Be3 Qd7 17. Nf3 Nxf3+ 18. Bxf3 Rb2 19. Bc1 Rb7 20. a4 d5 21. exd5 exd5 22. Bg2 dxc4 23. dxc4 Bxg2 24. Qxd7 Nxd7 25. Kxg2 Ne5 26. Bf4 Nxc4 27. Nd5 Bd6 28. Rfc1 Bxf4 29. gxf4 Rd8 30. Rxc4 Rxd5 31. Rac1 Rc7 32. Rb1 g6 33. Rb5 Rd4 34. Rxd4 cxd4 35. Rxa5 d3 36. Rd5 Rc4 37. Rxd3 Rxa4 1/2-1/2

[Event "Rheinland Pfalz Seniors op"]
[Site "Altenkirchen"]
[Date "2023.09.06"]
[Round "2"]
[White "Walther, Renate"]
[Black "Klein, Gernot"]
[Result "0-1"]
[WhiteElo "1260"]
[BlackElo "1781"]
[PlyCount "106"]
[EventDate "2023.09.05"]
[EventType "swiss"]
[EventRounds "9"]
[EventCountry "GER"]
[SourceTitle "EXT 2024"]
[Source "ChessBase"]
[SourceDate "2023.10.10"]
[SourceVersion "1"]
[SourceVersionDate "2023.10.10"]
[SourceQuality "1"]

1. e4 c5 2. Nf3 e6 3. d4 cxd4 4. Nxd4 a6 5. Nc3 Qc7 6. f4 d6 7. Be2 b5 8. 0-0 Bb7 9. Bf3 Nc6 10. Nxc6 Bxc6 11. Qe2 Nf6 12. f5 e5 13. a3 Be7 14. Nd5 Nxd5 15. exd5 Bxd5 16. Bxd5 Qc5+ 17. Qf2 Qxd5 18. Be3 Rc8 19. Rfd1 Qc6 20. Rac1 0-0 21. c3 Rfd8 22. Qg3 Kh8 23. Rf1 Qe4 24. Bg5 Bxg5 25. Qxg5 f6 26. Qg3 Qd5 27. Rcd1 Qf7 28. h4 Rc4 29. Qh3 Qh5 30. g3 Qe2 31. Qg2 Qxg2+ 32. Kxg2 d5 33. Rh1 Kg8 34. h5 h6 35. Kh3 Kf7 36. Rd2 d4 37. Rhd1 Ke7 38. Re1 dxc3 39. Rxd8 Kxd8 40. bxc3 Rxc3 41. Rd1+ Ke7 42. Ra1 Rc4 43. Rb1 Kd6 44. Rd1+ Rd4 45. Rc1 Kd7 46. Ra1 Rd3 47. a4 b4 48. Rc1 b3 49. Rc4 Rd4 50. Rc3 Rb4 51. Rd3+ Ke7 52. Rc3 b2 53. Rc7+ Kd6 0-1

[Event "Rottach Egern Seniors Cup 11th"]
[Site "Rottach Egern"]
[Date "2023.04.18"]
[Round "4"]
[White "Prueske, Wolfgang"]
[Black "Klein, Gernot"]
[Result "1-0"]
[WhiteElo "1991"]
[BlackElo "1776"]
[PlyCount "89"]
[EventDate "2023.04.15"]
[EventType "swiss"]
[EventRounds "9"]
[EventCountry "GER"]
[SourceTitle "EXT 2024"]
[Source "ChessBase"]
[SourceDate "2023.10.10"]
[SourceVersion "1"]
[SourceVersionDate "2023.10.10"]
[SourceQuality "1"]

1. e4 c5 2. Nf3 e6 3. b3 a6 4. Bb2 Nc6 5. c4 Nf6 6. Nc3 d6 7. d4 cxd4 8. Nxd4 Be7 9. g3 Bd7 10. Bg2 0-0 11. 0-0 Rc8 12. h3 Qc7 13. Nde2 Ne5 14. Rc1 Bc6 15. Kh1 Qd8 16. f4 Ng6 17. Nd4 Nd7 18. Ba3 Nb8 19. f5 exf5 20. Nxf5 Bg5 21. Rc2 Qa5 22. Bxd6 Rfd8 23. Qd4 Bf6 24. Nh6+ Kh8 25. Rxf6 Rd7 26. Rxf7 Rxf7 27. Nxf7+ Kg8 28. Ne5 Nxe5 29. Qxe5 Qd8 30. Qe6+ Kh8 31. Rf2 Nd7 32. Qe7 Qa5 33. Bb4 Qh5 34. Qf7 Qh6 35. Nd5 Bxd5 36. Qxd7 Qe6 37. Qxd5 Qb6 38. Rf8+ Rxf8 39. Bxf8 Qf6 40. Qf5 Qa1+ 41. Kh2 h6 42. e5 Kg8 43. e6 Qb2 44. Qf7+ Kh7 45. e7 1-0

[Event "Reinstorf Blitz op"]
[Site "Reinstorf"]
[Date "2022.02.04"]
[Round "3"]
[White "Nguyen, Bach Khoi"]
[Black "Klein, Gernot"]
[Result "1-0"]
[WhiteElo "1086"]
[BlackElo "1867"]
[PlyCount "51"]
[EventDate "2022.01.29"]
[EventType "swiss (blitz)"]
[EventRounds "9"]
[EventCountry "GER"]
[SourceTitle "CBM 206 Extra"]
[Source "ChessBase"]
[SourceDate "2022.03.31"]
[SourceVersion "1"]
[SourceVersionDate "2022.03.31"]
[SourceQuality "1"]

1. e4 c5 2. Nf3 e6 3. d4 cxd4 4. Nxd4 a6 5. Nc3 b5 6. Be3 Bb7 7. f3 Nc6 8. Qd2 Nf6 9. Be2 Be7 10. 0-0-0 0-0 11. g4 Ne5 12. h4 Rc8 13. Rdg1 b4 14. Nd1 Nc4 15. Bxc4 Rxc4 16. h5 d5 17. g5 Nd7 18. g6 fxg6 19. hxg6 h6 20. Nxe6 Qa5 21. Kb1 Rxf3 22. Bxh6 Nf6 23. Bxg7 Nh5 24. Rxh5 Rh3 25. Rxh3 Bh4 26. Rxh4 1-0

[Event "Reinstorf op"]
[Site "Reinstorf"]
[Date "2022.02.02"]
[Round "5"]
[White "Klein, Gernot"]
[Black "Jessen, Bjarne"]
[Result "1/2-1/2"]
[WhiteElo "1867"]
[BlackElo "1547"]
[PlyCount "218"]
[EventDate "2022.01.29"]
[EventType "swiss"]
[EventRounds "9"]
[EventCountry "GER"]
[SourceTitle "CBM 206 Extra"]
[Source "ChessBase"]
[SourceDate "2022.03.31"]
[SourceVersion "1"]
[SourceVersionDate "2022.03.31"]
[SourceQuality "1"]

1. e4 e5 2. Nf3 Nc6 3. Bb5 Nf6 4. d3 Bc5 5. c3 d5 6. Nbd2 dxe4 7. dxe4 0-0 8. 0-0 Bg4 9. h3 Bh5 10. Qe2 Qe7 11. Re1 Rad8 12. Nf1 Bg6 13. Ng3 a6 14. Ba4 b5 15. Bb3 Nh5 16. Nxh5 Bxh5 17. g4 Bg6 18. Bg5 Qe8 19. Bxd8 Qxd8 20. Rad1 Qe7 21. Rd5 Bb6 22. Red1 Kh8 23. Rd7 Qf6 24. Kg2 Qf4 25. Bc2 h5 26. Qd2 hxg4 27. Qxf4 gxh3+ 28. Kxh3 exf4 29. Kg2 Kg8 30. Nh4 Bh5 31. Nf3 Bxf3+ 32. Kxf3 Ne5+ 33. Kxf4 Nxd7 34. Rxd7 Bxf2 35. Rxc7 Bg1 36. Rd7 Bh2+ 37. Kf3 Bg1 38. Bb3 Bc5 39. Bd5 b4 40. c4 a5 41. Rc7 Bd4 42. b3 Kh7 43. Bxf7 Kh6 44. Kg4 Bf6 45. Kf5 Rd8 46. Bd5 Rf8 47. Kg4 Be5 48. Rc6+ Rf6 49. Rxf6+ gxf6 50. Kf5 Kg7 51. Ke6 Bd4 52. Kd6 Kf8 53. Bc6 Be5+ 54. Ke6 Bd4 55. Bb5 Kg7 56. Kd5 Be5 57. c5 Kf7 58. Kc6 Ke7 59. Kb6 Kd8 60. Kxa5 Bc3 61. Kb6 Bd4 62. Kc6 Kc8 63. Be2 Kb8 64. Bg4 Be5 65. Be6 Bd4 66. Kb6 Be3 67. Kb5 Bd2 68. Kc6 Be3 69. Kd6 Bf4+ 70. Kd7 Be5 71. Bd5 Bf4 72. c6 Be5 73. Bc4 Bf4 74. a3 bxa3 75. b4 Bc7 76. b5 Bb6 77. Ba2 Bc7 78. Ke6 Bd8 79. Kd6 Kc8 80. Be6+ Kb8 81. Kc5 Ka7 82. Kd6 Kb6 83. Kd7 Bc7 84. Ba2 Be5 85. Bb3 Bc7 86. Bc4 Be5 87. Ke6 Kc7 88. Ba2 Kb6 89. Kd7 Bc7 90. Bc4 Be5 91. Ke7 a2 92. Bxa2 Kxb5 93. Kd7 Kb6 94. Bd5 Bc7 95. Bf7 Be5 96. Be8 Bc7 97. Ke7 Be5 98. Kd8 Bc7+ 99. Kd7 Be5 100. Ke6 Kc7 101. Bd7 Ba1 102. Kd5 Bb2 103. Kc4 Ba1 104. Kb3 Be5 105. Be8 Bd4 106. Kc2 Be5 107. Kd3 Ba1 108. Ke3 Bb2 109. Kf4 Bc3 1/2-1/2

[Event "Reinstorf op"]
[Site "Reinstorf"]
[Date "2022.01.31"]
[Round "3"]
[White "Klein, Gernot"]
[Black "Brandt, Wolfgang"]
[Result "1-0"]
[WhiteElo "1867"]
[BlackElo "1607"]
[PlyCount "87"]
[EventDate "2022.01.29"]
[EventType "swiss"]
[EventRounds "9"]
[EventCountry "GER"]
[SourceTitle "CBM 206 Extra"]
[Source "ChessBase"]
[SourceDate "2022.03.31"]
[SourceVersion "1"]
[SourceVersionDate "2022.03.31"]
[SourceQuality "1"]

1. e4 c6 2. d4 d5 3. Nd2 dxe4 4. Nxe4 Nd7 5. Ng5 Ngf6 6. Bd3 e6 7. Qe2 Nb6 8. N1f3 Bd6 9. 0-0 0-0 10. c4 Bc7 11. b3 h6 12. Ne4 Nbd7 13. Bb2 Nxe4 14. Qxe4 Nf6 15. Qe2 Re8 16. Rfd1 Bd7 17. Ne5 Kf8 18. Qf3 Bxe5 19. dxe5 Ng8 20. Ba3+ Re7 21. Bg6 f6 22. Qd3 fxe5 23. Qxd7 Qa5 24. Bxe7+ Nxe7 25. Qxe6 Nxg6 26. Qxg6 Qc3 27. Qd3 Qb4 28. Qd6+ Qxd6 29. Rxd6 e4 30. Re1 Re8 31. Rd4 b5 32. Rdxe4 Rd8 33. cxb5 c5 34. Kf1 Rd2 35. R4e2 Rd5 36. Rc1 Kf7 37. Rec2 g5 38. Rxc5 Rd2 39. Rc7+ Ke6 40. Rxa7 g4 41. b6 h5 42. b7 h4 43. b8Q g3 44. Qe8+ 1-0

[Event "Erfurt op Seniors 29th"]
[Site "Erfurt"]
[Date "2019.12.28"]
[Round "3"]
[White "Wolkenstein, Eckhardt"]
[Black "Klein, Gernot"]
[Result "1/2-1/2"]
[WhiteElo "1589"]
[BlackElo "1875"]
[PlyCount "148"]
[EventDate "2019.12.26"]
[EventType "swiss"]
[EventRounds "5"]
[EventCountry "GER"]
[SourceTitle "CBM 194 Extra"]
[Source "ChessBase"]
[SourceDate "2020.03.31"]
[SourceVersion "1"]
[SourceVersionDate "2020.03.31"]
[SourceQuality "1"]

1. d4 d5 2. c4 e6 3. Nc3 Nf6 4. Bg5 Be7 5. cxd5 exd5 6. Nf3 h6 7. Bh4 0-0 8. e3 b6 9. Bd3 Nbd7 10. 0-0 c5 11. Rc1 Bb7 12. Bb1 Re8 13. Qc2 Ne4 14. Bxe7 Qxe7 15. Rfe1 Rac8 16. Nd2 Ndf6 17. f3 Nxc3 18. bxc3 g6 19. Nf1 Qd7 20. Qf2 Kg7 21. Ng3 cxd4 22. cxd4 Rxc1 23. Rxc1 Rc8 24. Rf1 Ba6 25. Re1 Rc7 26. e4 dxe4 27. fxe4 Qc8 28. Qd2 Qf8 29. e5 Nd5 30. Be4 Qd8 31. Qf2 Nc3 32. a3 Bc4 33. Qe3 Be6 34. Ne2 Nxe4 35. Qxe4 Rc4 36. Rd1 Bd5 37. Qe3 Qg5 38. Qxg5 hxg5 39. Rc1 b5 40. Rxc4 Bxc4 41. Nc3 f6 42. e6 Bxe6 43. Nxb5 a6 44. Nd6 Kf8 45. Kf2 Ke7 46. Ne4 Bd5 47. Nc5 Bc4 48. Ke3 Kd6 49. Ne4+ Ke6 50. Nc5+ Kd5 51. g3 f5 52. Nd7 f4+ 53. gxf4 gxf4+ 54. Kxf4 Kxd4 55. h4 Bb3 56. Kg5 Bc2 57. Nf8 Kc3 58. Nxg6 Bd1 59. Ne5 Kb3 60. Ng4 Kxa3 61. h5 a5 62. h6 Bc2 63. Ne5 Bh7 64. Kf6 a4 65. Kg7 Kb3 66. Kxh7 a3 67. Nd3 Kc2 68. Nb4+ Kb3 69. Nd3 Kc2 70. Nb4+ Kb3 71. Na2 Kxa2 72. Kg8 Kb1 73. h7 a2 74. h8Q a1Q 1/2-1/2

[Event "Mittelrhein Verbandsliga-W 18/19"]
[Site "Nordrheinwestfalen"]
[Date "2019.03.10"]
[Round "8.5"]
[White "Klein, Gernot"]
[Black "Gruenich, Andreas"]
[Result "0-1"]
[WhiteElo "1839"]
[BlackElo "1817"]
[PlyCount "92"]
[EventDate "2018.09.02"]
[EventType "team-tourn"]
[EventRounds "11"]
[EventCountry "GER"]
[SourceTitle "EXT 2022"]
[Source "ChessBase"]
[SourceDate "2021.10.06"]
[SourceVersion "1"]
[SourceVersionDate "2021.10.06"]
[SourceQuality "1"]
[WhiteTeam "Aachen PTSV"]
[BlackTeam "Lendersdorf"]
[WhiteTeamCountry "GER"]
[BlackTeamCountry "GER"]

1. e4 e6 2. Qe2 Nc6 3. Nf3 Bc5 4. c3 d5 5. d3 dxe4 6. dxe4 Nge7 7. Qc2 Ng6 8. Be2 0-0 9. 0-0 h6 10. Rd1 Qf6 11. Nbd2 b6 12. Nb3 Bd6 13. Nbd4 Bb7 14. Nxc6 Bxc6 15. g3 Bb7 16. Be3 e5 17. Nd2 Rfd8 18. Bf1 Qe7 19. Nc4 Bc5 20. Bxc5 Qxc5 21. Ne3 Ne7 22. Bg2 a5 23. Rxd8+ Rxd8 24. Rd1 Rd6 25. Rxd6 cxd6 26. Qd2 b5 27. b3 Nc8 28. c4 b4 29. Nd5 Bxd5 30. exd5 Nb6 31. Bh3 a4 32. Bf5 a3 33. Bc2 Kf8 34. h4 Nd7 35. Qe2 Nf6 36. Kg2 Qd4 37. Qe1 Qc5 38. Bf5 g6 39. Bc2 Kg7 40. f3 Nxd5 41. Kh3 Nc3 42. h5 Qd4 43. hxg6 fxg6 44. g4 g5 45. Qh1 Qf2 46. Qc1 Ne2 0-1

[Event "Mittelrhein Verbandsliga-W 18/19"]
[Site "Nordrheinwestfalen"]
[Date "2018.12.16"]
[Round "5.6"]
[White "Winkowski, Stefan"]
[Black "Klein, Gernot"]
[Result "0-1"]
[WhiteElo "1707"]
[BlackElo "1844"]
[PlyCount "51"]
[EventDate "2018.09.02"]
[EventType "team-tourn"]
[EventRounds "11"]
[EventCountry "GER"]
[SourceTitle "EXT 2022"]
[Source "ChessBase"]
[SourceDate "2021.10.06"]
[SourceVersion "1"]
[SourceVersionDate "2021.10.06"]
[SourceQuality "1"]
[WhiteTeam "Uebach Palenberg"]
[BlackTeam "Aachen PTSV"]
[WhiteTeamCountry "GER"]
[BlackTeamCountry "GER"]

1. e4 c5 2. Nc3 e6 3. f4 d5 4. Bb5+ Bd7 5. Bxd7+ Qxd7 6. Nf3 Nc6 7. d3 Nge7 8. 0-0 dxe4 9. Nxe4 Nf5 10. g4 Nfd4 11. Be3 0-0-0 12. Rf2 f5 13. gxf5 exf5 14. Ng3 Nxf3+ 15. Qxf3 Be7 16. Re2 Bf6 17. Qf2 h5 18. Rb1 h4 19. Nf1 Nd4 20. Rd2 Qc6 21. Bxd4 Bxd4 22. Ne3 Rh6 23. Rdd1 Re8 24. Re1 Ree6 25. Re2 Rhg6+ 26. Ng2 0-1

[Event "Mittelrhein Verbandsliga-W 18/19"]
[Site "Nordrheinwestfalen"]
[Date "2018.10.28"]
[Round "3.6"]
[White "Tonev, Vasil"]
[Black "Klein, Gernot"]
[Result "1-0"]
[WhiteElo "1727"]
[BlackElo "1849"]
[PlyCount "83"]
[EventDate "2018.09.02"]
[EventType "team-tourn"]
[EventRounds "11"]
[EventCountry "GER"]
[SourceTitle "EXT 2022"]
[Source "ChessBase"]
[SourceDate "2021.10.06"]
[SourceVersion "1"]
[SourceVersionDate "2021.10.06"]
[SourceQuality "1"]
[WhiteTeam "Horrem"]
[BlackTeam "Aachen PTSV"]
[WhiteTeamCountry "GER"]
[BlackTeamCountry "GER"]

1. e4 c5 2. Nc3 e6 3. f4 d5 4. Nf3 dxe4 5. Nxe4 Nc6 6. b3 Be7 7. Bb2 Nf6 8. d3 0-0 9. g3 Re8 10. Bg2 Nd5 11. Qd2 f5 12. Nf2 Bf6 13. Be5 Bd7 14. 0-0 Nd4 15. Rfe1 Rc8 16. c4 Nxf3+ 17. Bxf3 Bxe5 18. Rxe5 Nf6 19. Bxb7 Rc7 20. Bg2 Bc6 21. Qe3 Bxg2 22. Kxg2 Qd6 23. Re1 Rc6 24. h3 g6 25. Qf3 Rc7 26. g4 Kh8 27. R5e2 Rce7 28. d4 cxd4 29. Nd3 Ne4 30. Rxe4 fxe4 31. Qxe4 Kg8 32. b4 Qa6 33. Ne5 Qxa2+ 34. Re2 Qa6 35. b5 Qd6 36. Rd2 Rc7 37. Rxd4 Qb4 38. g5 Qe7 39. Ng4 Rf8 40. Qe5 Rf5 41. Nh6+ Kf8 42. Qh8# 1-0

[Event "Reunion op 20th"]
[Site "St Denis"]
[Date "2018.10.21"]
[Round "9"]
[White "Klein, Gernot"]
[Black "Rebut, Paul"]
[Result "0-1"]
[WhiteElo "1904"]
[BlackElo "1718"]
[PlyCount "118"]
[EventDate "2018.10.14"]
[EventType "swiss"]
[EventRounds "9"]
[EventCountry "RUF"]
[SourceTitle "CBM 187 Extra"]
[Source "ChessBase"]
[SourceDate "2018.11.04"]
[SourceVersion "1"]
[SourceVersionDate "2018.11.04"]
[SourceQuality "1"]

1. e4 c5 2. Nf3 d6 3. d4 cxd4 4. Nxd4 Nf6 5. Nc3 a6 6. Be3 Ng4 7. Bg5 h6 8. Bh4 g5 9. Bg3 Bg7 10. Be2 h5 11. Nf5 Bxf5 12. exf5 Nf6 13. h4 g4 14. 0-0 Nbd7 15. Re1 0-0 16. Qd2 Nc5 17. Bf1 b5 18. a3 Rc8 19. Rad1 Re8 20. Bf4 Qd7 21. Bh6 Qxf5 22. Bxg7 Kxg7 23. b4 Nce4 24. Nxe4 Nxe4 25. Rxe4 Qxe4 26. Bd3 Qe5 27. Re1 Qf6 28. Qe3 Rc3 29. Qe4 Rh8 30. g3 Qe5 31. Qxe5+ dxe5 32. Rxe5 Kf6 33. Rg5 Rxa3 34. Rc5 Ra4 35. Kf1 Rxb4 36. Rc6+ e6 37. Rxa6 Rd8 38. Ke2 Rb1 39. Rb6 b4 40. Rb5 Rd5 41. Rb8 Re5+ 42. Kd2 Ree1 43. Be2 Rg1 44. Rb5 Kg6 45. Rg5+ Kh6 46. Rb5 Rb2 47. Kd3 Rc1 48. Rc5 b3 49. c4 Rxe2 50. Kxe2 b2 51. Rb5 b1Q 52. Rxb1 Rxb1 53. Kd3 Kg6 54. Kd4 Kf6 55. c5 e5+ 56. Kd5 Rd1+ 57. Kc6 Rd2 58. Kb7 Rxf2 59. c6 Rc2 0-1

[Event "Reunion op 20th"]
[Site "St Denis"]
[Date "2018.10.18"]
[Round "6"]
[White "Rajaonson, Andriamahenina"]
[Black "Klein, Gernot"]
[Result "0-1"]
[WhiteElo "1822"]
[BlackElo "1904"]
[PlyCount "117"]
[EventDate "2018.10.14"]
[EventType "swiss"]
[EventRounds "9"]
[EventCountry "RUF"]
[SourceTitle "CBM 187 Extra"]
[Source "ChessBase"]
[SourceDate "2018.11.04"]
[SourceVersion "1"]
[SourceVersionDate "2018.11.04"]
[SourceQuality "1"]

1. f4 d5 2. Nf3 g6 3. g3 Bg7 4. Bg2 Nh6 5. 0-0 0-0 6. d3 d4 7. e4 dxe3 8. Nc3 Ng4 9. Qe2 c5 10. h3 Nh6 11. Bxe3 Qc7 12. g4 b6 13. Ne5 Bb7 14. Nd5 Qd6 15. c4 Kh8 16. d4 Na6 17. Rad1 Qe6 18. dxc5 bxc5 19. Qd2 Rad8 20. Nd3 Qd6 21. f5 Ng8 22. Qf2 e6 23. f6 Bh6 24. Bxh6 Nxh6 25. Qf4 Qxf4 26. N5xf4 Bxg2 27. Kxg2 Rd4 28. Ne5 Kg8 29. Rxd4 cxd4 30. a3 Nc5 31. b4 Ne4 32. Nfd3 Rd8 33. c5 Kf8 34. Rf4 Nc3 35. c6 g5 36. Rf1 Ng8 37. Nd7+ Ke8 38. N3e5 Rc8 39. Nc5 Nd5 40. Nxe6 Ne3+ 41. Kg1 Nxf1 42. Kxf1 Nxf6 43. Nxd4 Nd5 44. Nf5 Rd8 45. Nd7 Nc7 46. a4 a6 47. Ke2 Ra8 48. Kd3 Kd8 49. Ke4 Ra7 50. Ke5 Ra8 51. Kf6 Nd5+ 52. Kxg5 Nxb4 53. Ne5 Nd5 54. h4 f6+ 55. Kh6 fxe5 56. g5 Ra7 57. Ng7 e4 58. Kxh7 e3 59. Kg6 0-1

[Event "Mittelrhein Verbandsliga-W 18/19"]
[Site "Nordrheinwestfalen"]
[Date "2018.09.02"]
[Round "1.6"]
[White "Esper, Tim"]
[Black "Klein, Gernot"]
[Result "1/2-1/2"]
[WhiteElo "1749"]
[BlackElo "1849"]
[PlyCount "187"]
[EventDate "2018.09.02"]
[EventType "team-tourn"]
[EventRounds "11"]
[EventCountry "GER"]
[SourceTitle "EXT 2022"]
[Source "ChessBase"]
[SourceDate "2021.10.06"]
[SourceVersion "1"]
[SourceVersionDate "2021.10.06"]
[SourceQuality "1"]
[WhiteTeam "Bergheim"]
[BlackTeam "Aachen PTSV"]
[WhiteTeamCountry "GER"]
[BlackTeamCountry "GER"]

1. d4 d5 2. c4 e6 3. cxd5 exd5 4. Nc3 c6 5. Nf3 Bf5 6. Qb3 Qb6 7. Qxb6 axb6 8. Bf4 Nd7 9. e3 h6 10. Be2 Ngf6 11. h3 Bb4 12. Nd2 Ne4 13. Ndxe4 Bxe4 14. 0-0 Bg6 15. a3 Be7 16. Rfd1 0-0 17. Bd3 Bxd3 18. Rxd3 b5 19. Rdd1 b4 20. axb4 Bxb4 21. Na2 Be7 22. Nc3 Nb6 23. b3 Rfe8 24. Ne2 Nd7 25. Bh2 Nf6 26. Ng3 g6 27. Rdc1 Bd6 28. Nf1 Bxh2+ 29. Nxh2 Ne4 30. Nf3 f6 31. Kf1 Kf7 32. Ke1 Nd6 33. Nd2 Nb5 34. Kf1 Ke6 35. Nf3 Nd6 36. Nd2 Kd7 37. Ke2 Kc7 38. Kd3 b6 39. h4 Kb7 40. Kc3 h5 41. g3 Ra7 42. Rxa7+ Kxa7 43. Kd3 Kb7 44. Ra1 Ne4 45. Nxe4 Rxe4 46. f3 Re8 47. e4 Re7 48. exd5 cxd5 49. Rc1 Re8 50. Ra1 g5 51. hxg5 fxg5 52. Rh1 Rh8 53. f4 gxf4 54. gxf4 Kc6 55. Rh3 Kd6 56. Rh4 Ke6 57. Ke3 Kf5 58. Kf3 Rh7 59. Ke3 Kg6 60. Kd3 Rh8 61. Ke3 Re8+ 62. Kd3 Re1 63. Kd2 Rg1 64. Rh3 Rg2+ 65. Kd3 Rg1 66. Kd2 b5 67. Ke2 b4 68. Kd2 Kh6 69. Kd3 Rf1 70. Rh4 Rf3+ 71. Kc2 Rc3+ 72. Kb2 Rd3 73. Kc2 Rxd4 74. Kc1 Re4 75. Kd2 Kg6 76. Kd3 Kh6 77. Kd2 Rd4+ 78. Ke2 Re4+ 79. Kd3 Kg6 80. Kd2 Re8 81. Kd3 Rc8 82. Kd4 Rc3 83. Kxd5 Rxb3 84. Kc4 Rb1 85. Rh3 Rg1 86. Kxb4 Rg4 87. Kc3 Rxf4 88. Kd3 Rf8 89. Rg3+ Kh6 90. Ke3 h4 91. Rg4 Kh5 92. Rf4 Rxf4 93. Kxf4 h3 94. Kg3 1/2-1/2

[Event "Rubinstein Memorial-A 54th"]
[Site "Polanica Zdroj"]
[Date "2018.08.20"]
[Round "3"]
[White "Klein, Gernot"]
[Black "Kejna, Piotr"]
[Result "1/2-1/2"]
[WhiteElo "1922"]
[BlackElo "1655"]
[PlyCount "108"]
[EventDate "2018.08.18"]
[EventType "swiss"]
[EventRounds "9"]
[EventCountry "POL"]
[SourceTitle "CBM 186 Extra"]
[Source "ChessBase"]
[SourceDate "2018.08.24"]
[SourceVersion "1"]
[SourceVersionDate "2018.08.24"]
[SourceQuality "1"]

1. e4 c5 2. Nf3 d6 3. d4 cxd4 4. Nxd4 Nf6 5. Nc3 g6 6. Be3 Bg7 7. f3 Nc6 8. Bc4 Bd7 9. Bb3 0-0 10. Qd2 Na5 11. 0-0-0 Rc8 12. g4 b5 13. Kb1 Qc7 14. h4 Nc4 15. Bxc4 bxc4 16. Ka1 Qa5 17. Nd5 Qxd2 18. Nxe7+ Kh8 19. Rxd2 Rfe8 20. g5 Nxe4 21. Nxg6+ fxg6 22. fxe4 Rxe4 23. Bf2 Rf8 24. c3 Ref4 25. Bg3 Rf1+ 26. Rd1 Rxh1 27. Rxh1 Be5 28. Be1 Rf4 29. a3 Kg8 30. Bd2 Rg4 31. Be3 a6 32. Bf2 Bf5 33. Nxf5 gxf5 34. Rd1 f4 35. a4 Rg2 36. Rf1 Kg7 37. a5 Kg6 38. Ka2 Kh5 39. Ka3 Kg4 40. Kb4 Kf3 41. Bb6+ Ke2 42. Rh1 f3 43. Kxc4 Bf4 44. b4 Be3 45. b5 Rg4+ 46. Bd4 Bxd4 47. cxd4 axb5+ 48. Kxb5 f2 49. a6 Rxh4 50. Ra1 Rxd4 51. a7 Rd1 52. Ra2+ Rd2 53. Ra1 Rd1 54. Ra2+ Rd2 1/2-1/2